000 00768nam a2200217 a 4500
001 20983
003 CO-ViMGA
008 141112s2004 ck r 000 u spa d
020 _a9588028558
040 _aCO-ViMGA
_bspa
_cCO-ViMGA
082 0 4 _a923.2 H375
100 1 _aHernández Quintero, Hernando A.
_930207
245 1 0 _aTolimenses por los valores :
_bAlfonso palacio Rudas
260 _aIbague :
_bCoruniversitaria,
_c2006
300 _a388p
505 _aSu memoria 9 - - Su obra 75
590 _aForma de adquisición : Doanción - - Precio : 10000 - - Fecha de adquisición : Noviembre 2006
650 1 4 _aPALACIO RUDAS, ALFONSO - 1912 - 1996
_930208
650 1 4 _aPALACIO RUDAS, ALFONSO - 1912 - 1996 - CULTURA E INTERPRETACION
_930209
942 _2ddc
_cBK
999 _c29824
_d29824